Código civil /
Guardado en:
| Autor Principal: | |
|---|---|
| Formato: | Libro |
| Idioma: | Spanish |
| Publicado: |
Buenos Aires :
Ediar,
1955.
|
| Etiquetas: |
Agregar Etiqueta
Sin Etiquetas, Sea el primero en etiquetar este registro!
|
| LEADER | 00420nam a22001455a 4500 | ||
|---|---|---|---|
| 001 | EUN.um017521 | ||
| 003 | AR-BaUNS | ||
| 005 | 20050623122858.0 | ||
| 008 | 041125s1955####ag############000#0#spa#d | ||
| 245 | 1 | 0 | |a Código civil / |c Eduardo B. Busso. |
| 260 | |a Buenos Aires : |b Ediar, |c 1955. | ||
| 300 | |a 5 t. en 6 v. | ||
| 100 | 1 | |a Busso, Eduardo B. | |
| 082 | 0 | 4 | |a 346.982C |
| 859 | |a Ar-BaUNS |b BIB. CENTRAL - Sector C |h 346.982C |i B968 |p 4062/958 |v 2-2 | ||
